और धरती यूँ बनी / (Record no. 62723)

MARC details
000 -LEADER
fixed length control field 03793nam a22003737a 4500
005 - DATE AND TIME OF LATEST TRANSACTION
control field 2012021403223.0
010 ## - LCCN (DPL NO)
LC control number B-478957-968
020 ## - INTERNATIONAL STANDARD BOOK NUMBER
International Standard Book Number 9788181464439
Terms of availability 150.00
035 ## - SYSTEM CONTROL NUMBER
System control number B-478957-968
037 ## - SOURCE OF ACQUISITION
Source of stock number/acquisition ब्लूबेरी बुक्स
082 ## - DEWEY DECIMAL CLASSIFICATION NUMBER
Classification number
245 ## - TITLE STATEMENT
Title और धरती यूँ बनी /
Statement of responsibility, etc उमा कृष्णस्वामी द्वारा चित्रांकित;संध्या राव द्वारा रूपांतरित;सुषमा द्वारा अनुदित
260 ## - PUBLICATION, DISTRIBUTION, ETC. (IMPRINT)
Place of publication, distribution, etc चैन्नेई
Name of publisher, distributor, etc तूलिका पब्लिशिंग
Date of publication, distribution, etc 2008
270 ## - ADDRESS
Address 13 पृथ्वी ऐवन्यु, अभिरमपुरम
City चैन्नेई
Postal code 600018
300 ## - PHYSICAL DESCRIPTION
Extent अ.पृ.
Other physical details सचित्र
Dimensions 25सेमी (अजिल्द)
700 ## - ADDED ENTRY--PERSONAL NAME
9 (RLIN) 41870
Personal name उमा कृष्णस्वामी
700 ## - ADDED ENTRY--PERSONAL NAME
9 (RLIN) 41871
Personal name संध्या राव
700 ## - ADDED ENTRY--PERSONAL NAME
9 (RLIN) 41872
Personal name सुषमा
942 ## - ADDED ENTRY ELEMENTS (KOHA)
Source of classification or shelving scheme Dewey Decimal Classification
Item type Children Books
Classification part
Call number suffix औरध
Holdings
Withdrawn status Lost status Not for loan Home library Current library Date acquired Cost, normal purchase price Full call number Cost, replacement price Koha item type Collection code Source of acquisition Barcode Copy number
    Ordered Andrews Gunj Andrews Gunj 14/02/2012 150.00 क औरध 150.00 Children Books        
      Bagh Kadhe Khan Bagh Kadhe Khan 27/08/2012 150.00 क औरध 150.00 Children Books Fiction ब्लूबेरी बुक्स/IN8483/14.04.12/43/20.03.12/19.05.12 B-478966 1
      Bawana Bawana 27/08/2012 150.00 क औरध 150.00 Children Books Fiction ब्लूबेरी बुक्स/IN8483/14.04.12/43/20.03.12/19.05.12 B-478964 1
      Bawana Bawana 27/08/2012 150.00 क औरध 150.00 Children Books Fiction ब्लूबेरी बुक्स/IN8483/14.04.12/43/20.03.12/19.05.12 B-478968 1
      Central Jail Tihar Central Jail Tihar 27/08/2012 150.00 क औरध 150.00 Children Books Fiction ब्लूबेरी बुक्स/IN8483/14.04.12/43/20.03.12/19.05.12 B-478961 1
      Janak Puri Janak Puri 27/08/2012 150.00 क औरध 150.00 Children Books Fiction ब्लूबेरी बुक्स/IN8483/14.04.12/43/20.03.12/19.05.12 B-478962 1
      Kasturba Gandhi Marg Kasturba Gandhi Marg 27/08/2012 150.00 क औरध 150.00 Children Books Fiction ब्लूबेरी बुक्स/IN8483/14.04.12/43/20.03.12/19.05.12 B-478958 1
      Narela Narela 27/08/2012 150.00 क औरध 150.00 Children Books Fiction ब्लूबेरी बुक्स/IN8483/14.04.12/43/20.03.12/19.05.12 B-478967 1
  Written-off vide DLB M. No. 383 dt 16.05.19   New Rohtak Road New Rohtak Road 27/08/2012 150.00 क औरध 150.00 Children Books Fiction ब्लूबेरी बुक्स/IN8483/14.04.12/43/20.03.12/19.05.12 B-478965 1
      Patel Nagar Patel Nagar 27/08/2012 150.00 क औरध 150.00 Children Books Fiction ब्लूबेरी बुक्स/IN8483/14.04.12/43/20.03.12/19.05.12 B-478957 1
      Peshwa Road Peshwa Road 27/08/2012 150.00 क औरध 150.00 Children Books Fiction ब्लूबेरी बुक्स/IN8483/14.04.12/43/20.03.12/19.05.12 B-478959 1
      Sarojini Nagar Sarojini Nagar 27/08/2012 150.00 क औरध 150.00 Children Books Fiction ब्लूबेरी बुक्स/IN8483/14.04.12/43/20.03.12/19.05.12 B-478963 1
      Tri Nagar Tri Nagar 27/08/2012 150.00 क औरध 150.00 Children Books Fiction ब्लूबेरी बुक्स/IN8483/14.04.12/43/20.03.12/19.05.12 B-478960 1

© Delhi Public Library
Hit Counter
free hit counter